Sales management (Record no. 80309)

MARC details
000 -LEADER
fixed length control field 00781nam a2200193 a 4500
008 - FIXED-LENGTH DATA ELEMENTS--GENERAL INFORMATION
fixed length control field 120416s1988 ||||||||||||||||| || u
020 ## - INTERNATIONAL STANDARD BOOK NUMBER
International Standard Book Number 0137865678
050 ## - LIBRARY OF CONGRESS CALL NUMBER
Classification number HF 5438.4 Sti
100 ## - MAIN ENTRY--PERSONAL NAME
Personal name Govoni, Norman A.P
245 10 - TITLE STATEMENT
Title Sales management
246 ## -
-- decisions, strategies, and cases
250 ## - EDITION STATEMENT
Edition statement 5th ed.
260 ## - PUBLICATION, DISTRIBUTION, ETC.
Place of publication, distribution, etc. Englewood Cliffs, N.J.
Name of publisher, distributor, etc. FT Prentice-Hall
Date of publication, distribution, etc. 1988
300 ## - PHYSICAL DESCRIPTION
Extent xvi, 638p. : ill.
350 ## -
-- 0.00
700 ## - ADDED ENTRY--PERSONAL NAME
Personal name Still, Richard R
995 ## -
-- MAIN LIBRARY OPEN ACCESS
-- 0.00
-- 017811
-- CBU-MAIN LIBRARY (Kitwe)
-- 1
-- 19.50
-- HF 5438.4 Sti
-- AVAILABLE
-- 017811
-- Main Library Open Access Collection
995 ## -
-- MAIN LIBRARY OPEN ACCESS
-- 0.00
-- 017812
-- CBU-MAIN LIBRARY (Kitwe)
-- 2
-- 19.50
-- HF 5438.4 Sti
-- AVAILABLE
-- 017812
-- Main Library Open Access Collection
999 ## -
-- 80309
-- 80309
Holdings
Withdrawn status Lost status Source of classification or shelving scheme Damaged status Not for loan Permanent Location Current Location Shelving location Date acquired Total Checkouts Full call number Barcode Date last seen Copy number Price effective from Koha item type
          CBU-MAIN LIBRARY, KITWE. CBU-MAIN LIBRARY, KITWE.   06/29/2023   HF 5438.4 Sti 017811 06/29/2023 1 06/29/2023 MONOGRAPH
          CBU-MAIN LIBRARY, KITWE. CBU-MAIN LIBRARY, KITWE.   06/29/2023   HF 5438.4 Sti 017812 06/29/2023 2 06/29/2023 MONOGRAPH